[Event "AUTO-MASTER-2853"]
[Site "http://www.queenalice.com/game.php?id=1573572"]
[Date "2019.6.7"]
[Round "1"]
[White "Eduardomoreto67"]
[Black "chessman"]
[Result "1-0"]
[WhiteElo "2191"]
[BlackElo "2000"]

1. d4 d5 2. c4 c6 3. Nf3 Nf6 4. Nc3 e6 5. cxd5 exd5 6. Bg5 Be7 7. e3 O-O 8. Be2
Re8 9. O-O Nbd7 10. Rc1 h6 11. Bxf6 Nxf6 12. h3 Be6 13. Ne5 Nd7 14. Nd3 Nf6 15.
Qb3 b6 16. Nf4 Bd7 17. Bf3 Bd6 18. Nd3 Rc8 19. Ne2 Bb8 20. Rc3 Be6 21. Rfc1 Bd7
22. Nb4 Ne4 23. Bxe4 Rxe4 24. Nxc6 Bxc6 25. Rxc6 Rxc6 26. Rxc6 Qd7 27. Qc2 Bd6
28. Rc8+ Re8 29. Rxe8+ Qxe8 30. Qb3 Qe6 31. Nc3 1-0

[Event "AUTO-MASTER-2853"]
[Site "http://www.queenalice.com/game.php?id=1573573"]
[Date "2019.6.7"]
[Round "1"]
[White "chessman"]
[Black "Eduardomoreto67"]
[Result "1/2-1/2"]
[WhiteElo "2012"]
[BlackElo "2197"]

1. e4 e6 2. d4 d5 3. e5 c5 4. c3 Nc6 5. f4 Nh6 6. Nf3 cxd4 7. cxd4 Bb4+ 8. Nc3
O-O 9. Bd3 Nf5 10. Bxf5 exf5 11. O-O Be6 12. Bd2 Rc8 13. a3 Ba5 14. Nb5 Bb6 15.
Bc3 g6 16. Nd6 Rb8 17. Rc1 a6 18. Qa4 Bd7 19. Qb3 Be6 20. Rfd1 Ne7 21. Ng5 Nc8
22. Bb4 a5 23. Nxc8 axb4 24. Nxe6 fxe6 25. Nxb6 Qxb6 26. Qxb4 Qxb4 27. axb4 Rbc8
28. Kf2 Kf7 29. Ke3 Ke7 30. Rc5 b6 31. Rc3 Kd7 32. Rdc1 b5 33. Rc5 Rxc5 1/2-1/2

[Event "AUTO-MASTER-2853"]
[Site "http://www.queenalice.com/game.php?id=1573576"]
[Date "2019.6.7"]
[Round "1"]
[White "Eduardomoreto67"]
[Black "cerenzo72"]
[Result "0-1"]
[WhiteElo "2191"]
[BlackElo "2171"]

1. d4 d5 2. c4 c6 3. Nf3 e6 4. cxd5 cxd5 5. Nc3 Nf6 6. Bg5 Be7 7. g3 Nc6 8. Bg2
O-O 9. O-O Bd7 10. Rc1 Rc8 11. a3 a5 12. Qb3 b6 13. Qd1 Na7 14. Re1 b5 15. Ne5
b4 16. axb4 axb4 17. Nb1 Bb5 18. Rxc8 Qxc8 19. Nd3 Nc6 20. e3 Qa6 21. Ne5 Re8
22. Nxc6 Bxc6 23. Nd2 Qd3 24. Nb3 Qf5 25. Bf4 Ba4 26. f3 Rc8 27. e4 dxe4 28.
fxe4 Qb5 29. Bf1 Qb7 30. Qd3 Nxe4 31. Rxe4 Bxb3 32. Re5 Bc4 33. Qe4 Bd5 34. Qe2
Bf6 35. Rh5 Bxd4+ 36. Be3 Bc4 37. Qd2 Bxe3+ 0-1

[Event "AUTO-MASTER-2853"]
[Site "http://www.queenalice.com/game.php?id=1573577"]
[Date "2019.6.7"]
[Round "1"]
[White "cerenzo72"]
[Black "Eduardomoreto67"]
[Result "0-1"]
[WhiteElo "2175"]
[BlackElo "2179"]

1. e4 e6 2. d4 d5 3. Nc3 Bb4 4. e5 c5 5. Qg4 Ne7 6. Qxg7 Rg8 7. Qxh7 cxd4 8. a3
Qa5 9. Qh6 dxc3 10. axb4 Qxa1 11. bxc3 Qxc3+ 12. Bd2 Qxe5+ 13. Be2 Rxg2 14. Nf3
Qg7 15. Qh3 e5 16. Qh5 e4 17. Ne5 Nbc6 18. Bh6 Qxe5 0-1

[Event "Challenge"]
[Site "http://www.queenalice.com/game.php?id=1579799"]
[Date "2019.8.9"]
[Round "-"]
[White "jpribeiro"]
[Black "Eduardomoreto67"]
[Result "1/2-1/2"]
[WhiteElo "2142"]
[BlackElo "2189"]

1. e4 e6 2. d4 d5 3. e5 c5 4. c3 cxd4 5. cxd4 Bb4+ 6. Bd2 Nc6 7. Bxb4 Nxb4 8.
Qa4+ Nc6 9. Nf3 Ne7 10. Bd3 O-O 11. Qc2 h6 12. a3 1/2-1/2

[Event "AUTO-MASTER-2853"]
[Site "http://www.queenalice.com/game.php?id=1584905"]
[Date "2019.9.27"]
[Round "2"]
[White "Eduardomoreto67"]
[Black "pestiferous"]
[Result "0-1"]
[WhiteElo "2221"]
[BlackElo "2154"]

1. e4 e6 2. d4 d5 3. Nc3 Bb4 4. exd5 exd5 5. Nf3 Ne7 6. Be2 c6 7. Bd2 Bf5 8. O-O
Nd7 9. Nb1 Bd6 10. c4 Nf6 11. c5 Bc7 12. Nc3 O-O 13. Bg5 Ng6 14. b4 h6 15. Bxf6
Qxf6 16. a4 Nf4 17. Re1 Nxe2+ 18. Rxe2 Rfe8 19. h3 Bd7 20. Qd3 Bf5 21. Qd2 Bxh3
22. Rae1 Rxe2 23. Qxe2 Be6 24. b5 Re8 25. bxc6 bxc6 26. Qa6 Bd7 27. Rxe8+ Bxe8
28. Qxa7 Qf4 29. Ne2 Bb8 30. Qb7 Qc7 31. Qxc7 Bxc7 32. Nd2 f6 33. Nb3 Bg6 34. a5
Bd3 35. Nc3 Bc4 36. Nc1 Bxa5 37. N1e2 Kf7 38. f3 Ke6 39. Kf2 f5 40. Nf4+ Kf7 41.
Nce2 g5 42. Nh3 Kg6 43. g3 Bc7 44. Nhg1 Bd8 45. f4 Bf6 46. Ke3 g4 47. Nc3 h5 48.
Na4 h4 49. gxh4 Kh5 50. Nb2 Bb5 0-1

[Event "AUTO-MASTER-2853"]
[Site "http://www.queenalice.com/game.php?id=1584906"]
[Date "2019.9.27"]
[Round "2"]
[White "pestiferous"]
[Black "Eduardomoreto67"]
[Result "0-1"]
[WhiteElo "2187"]
[BlackElo "2210"]

1. c4 Nf6 2. g3 g6 3. Bg2 Bg7 4. Nc3 c6 5. e4 d6 6. Nge2 O-O 7. d3 Nbd7 8. O-O
e5 9. h3 a5 10. Be3 Re8 11. Rc1 Nf8 12. a3 Ne6 13. b4 axb4 14. axb4 Bd7 15. Qb3
Qc7 16. c5 dxc5 17. bxc5 Ra5 18. Na4 Rea8 19. Nb6 R8a7 20. Qc4 Bf8 21. f4 exf4
22. Nxd7 Nxd7 23. Nxf4 Ndxc5 24. Nxe6 Nxe6 25. Bxa7 Rxa7 26. g4 Qg3 27. Rf3 Qe5
28. Rcf1 Bc5+ 29. Kh1 Bd6 30. Kg1 Qh2+ 31. Kf2 Bc5+ 32. Ke1 Qxg2 0-1

[Event "AUTO-MASTER-2853"]
[Site "http://www.queenalice.com/game.php?id=1584907"]
[Date "2019.9.27"]
[Round "2"]
[White "Eduardomoreto67"]
[Black "Gosiulkaa"]
[Result "1-0"]
[WhiteElo "2199"]
[BlackElo "1987"]

1. e4 e5 2. Nf3 Nc6 3. d4 exd4 4. Nxd4 Nxd4 5. Qxd4 d6 6. Bc4 Nf6 7. Nc3 Be7 8.
O-O O-O 9. Bf4 a6 10. e5 dxe5 11. Bxe5 Qxd4 12. Bxd4 Bf5 13. Rfe1 Bb4 14. Bxf6
gxf6 15. Re3 Bxc2 16. Nd5 Bc5 17. Nxf6+ Kg7 18. Rf3 Bd4 19. Nd7 Bxb2 20. Nxf8
Bxa1 21. Rxf7+ Kh6 22. Ne6 Re8 23. g4 Bg6 24. g5+ Kh5 25. Be2+ Kh4 26. Rf4+ Kh3
27. Bf1# 1-0

[Event "AUTO-MASTER-2853"]
[Site "http://www.queenalice.com/game.php?id=1584908"]
[Date "2019.9.27"]
[Round "2"]
[White "Gosiulkaa"]
[Black "Eduardomoreto67"]
[Result "0-1"]
[WhiteElo "1945"]
[BlackElo "2205"]

1. e4 e6 2. d4 d5 3. exd5 exd5 4. Nf3 Nf6 5. Bg5 Be7 6. Nc3 O-O 7. Bd3 Bg4 8. h3
Bxf3 9. Qxf3 Nc6 10. Ne2 Nb4 11. a3 Nxd3+ 12. Qxd3 Re8 13. O-O c6 14. Ng3 h6 15.
Bxf6 Bxf6 16. Rfe1 Qb6 17. c3 Rxe1+ 18. Rxe1 Qxb2 19. a4 Qa3 20. Rb1 Qxa4 21.
Rxb7 Qa1+ 22. Kh2 Qe1 23. Rb2 a5 24. Ra2 g6 25. Re2 Qa1 26. Qd2 Bg7 27. Qa2 Qxc3
28. Rc2 Qxd4 29. Rxc6 a4 30. Rd6 Qc4 31. Qd2 a3 32. Rxd5 a2 33. Rd8+ Rxd8 34.
Qxd8+ Kh7 0-1

[Event "AUTO-MASTER-2853"]
[Site "http://www.queenalice.com/game.php?id=1584909"]
[Date "2019.9.27"]
[Round "2"]
[White "Eduardomoreto67"]
[Black "Pin"]
[Result "1-0"]
[WhiteElo "2187"]
[BlackElo "2002"]

1. e4 c5 2. Nf3 d6 3. c3 Nc6 4. d4 Bg4 5. Be2 Nf6 6. d5 Bxf3 7. Bxf3 Ne5 8. c4
Nxf3+ 9. Qxf3 g6 10. Nc3 Bg7 11. Be3 O-O 12. O-O h5 13. Rac1 Ng4 14. Bf4 a6 15.
a4 b6 16. h3 Ne5 17. Qe2 Rb8 18. b3 Qc8 19. Bg3 Bh6 20. f4 Nd7 21. Rf2 Kh7 22.
Rcf1 Bg7 23. e5 Qc7 24. Rf3 dxe5 25. fxe5 Kg8 26. e6 Ne5 27. exf7+ Kh8 28. Rf5
1-0

[Event "AUTO-MASTER-2853"]
[Site "http://www.queenalice.com/game.php?id=1584910"]
[Date "2019.9.27"]
[Round "2"]
[White "Pin"]
[Black "Eduardomoreto67"]
[Result "0-1"]
[WhiteElo "1985"]
[BlackElo "2193"]

1. e4 e5 2. Nf3 Nc6 3. Bb5 d6 4. d4 Bd7 5. d5 Nb8 6. Be2 Nf6 7. Nc3 Be7 8. O-O
c6 9. Bd3 cxd5 10. exd5 O-O 11. Re1 Bg4 12. Bd2 Nbd7 13. Qe2 Re8 14. Rad1 Rc8
15. Be4 Nxe4 16. Nxe4 Nf6 17. c3 Nxd5 18. h3 Bxf3 19. Qxf3 Qb6 20. Bc1 Nf6 21.
Nxf6+ Bxf6 22. Qd5 Bh4 23. Re2 Re6 24. Be3 Qc7 25. g3 Rg6 26. Kh2 Be7 27. Red2
h5 28. f4 Qc6 29. fxe5 dxe5 30. Qxe5 Qf3 31. Qxe7 Qxg3+ 32. Kh1 Qxh3+ 33. Rh2
Qf3+ 0-1

[Event "AUTO-ELITE-2080"]
[Site "http://www.queenalice.com/game.php?id=1585869"]
[Date "2019.10.6"]
[Round "2"]
[White "Eduardomoreto67"]
[Black "AyltonChessGM"]
[Result "1/2-1/2"]
[WhiteElo "2209"]
[BlackElo "2233"]

1. e4 c5 2. Nf3 Nc6 3. c3 e6 4. d4 cxd4 5. cxd4 d5 6. exd5 Qxd5 7. Nc3 Bb4 8.
Be2 Nf6 9. O-O Bxc3 10. bxc3 O-O 11. c4 Qd8 12. Bg5 h6 13. Bxf6 Qxf6 14. d5 exd5
15. cxd5 Ne5 16. Nxe5 Qxe5 17. Bf3 Qd6 18. Re1 b6 19. Qb3 Bb7 20. a4 1/2-1/2

[Event "AUTO-ELITE-2080"]
[Site "http://www.queenalice.com/game.php?id=1585870"]
[Date "2019.10.6"]
[Round "2"]
[White "AyltonChessGM"]
[Black "Eduardomoreto67"]
[Result "1/2-1/2"]
[WhiteElo "2228"]
[BlackElo "2221"]

1. d4 Nf6 2. c4 g6 3. Nf3 Bg7 4. Nc3 d5 5. e3 O-O 6. h3 c6 7. a3 Nbd7 8. cxd5
cxd5 9. Be2 a6 10. O-O b5 11. b4 Bb7 12. Bb2 Rc8 13. Rc1 Nb6 14. Ne5 Nfd7 15.
Nxd7 Qxd7 16. Bg4 f5 17. Bf3 Nc4 18. Qe2 Nxb2 19. Qxb2 Rc7 1/2-1/2

[Event "AUTO-ELITE-2080"]
[Site "http://www.queenalice.com/game.php?id=1595099"]
[Date "2020.1.3"]
[Round "3"]
[White "Sacapiece"]
[Black "Eduardomoreto67"]
[Result "1-0"]
[WhiteElo "2317"]
[BlackElo "2198"]

1. e4 d6 2. d4 Nf6 3. Nc3 g6 4. f4 Bg7 5. Nf3 O-O 6. Be2 e5 7. dxe5 dxe5 8. Qxd8
Rxd8 9. Nxe5 Nbd7 10. Nxd7 Bxd7 11. O-O Bc6 12. Bf3 Rd7 13. Be3 Re8 14. e5 Nd5
15. Nxd5 Bxd5 16. Rad1 Red8 17. Bg4 Be6 18. Rxd7 Rxd7 19. Bxe6 fxe6 20. Kf2 a6
21. Ke2 Kf7 22. Rd1 Ke7 23. Bc5+ Ke8 24. Rxd7 Kxd7 25. h4 h5 26. Kd3 Kc6 27. Ba3
b5 28. c4 Bh6 29. g3 Kb6 30. cxb5 axb5 31. Kd4 Kc6 32. Bc5 Bg7 33. b3 Bh6 34. a4
bxa4 35. bxa4 Kb7 36. Be7 Bg7 37. Kc5 Bh6 38. a5 1-0

[Event "AUTO-ELITE-2080"]
[Site "http://www.queenalice.com/game.php?id=1595100"]
[Date "2020.1.3"]
[Round "3"]
[White "Eduardomoreto67"]
[Black "Sacapiece"]
[Result "0-1"]
[WhiteElo "2207"]
[BlackElo "2300"]

1. e4 c5 2. Nf3 d6 3. c3 Nf6 4. e5 dxe5 5. Nxe5 Nbd7 6. Nxd7 Bxd7 7. d4 e6 8.
Be2 Bc6 9. Bf3 Qc7 10. dxc5 Bxc5 11. O-O Rd8 12. Bxc6+ Qxc6 13. Qe2 O-O 14. Be3
Nd5 15. Bxc5 Qxc5 16. Nd2 Nf4 17. Qe1 Qg5 0-1

[Event "AUTO-ELITE-2080"]
[Site "http://www.queenalice.com/game.php?id=1595103"]
[Date "2020.1.3"]
[Round "3"]
[White "Eduardomoreto67"]
[Black "AyltonChessGM"]
[Result "1-0"]
[WhiteElo "2190"]
[BlackElo "2049"]

1. e4 e6 2. d4 d5 3. Nc3 Nf6 4. Bg5 Be7 5. exd5 exd5 6. Nf3 O-O 7. Be2 h6 8.
Bxf6 Bxf6 9. O-O a6 10. a4 c6 11. h3 Be6 12. Re1 Nd7 13. b4 1-0

[Event "AUTO-ELITE-2080"]
[Site "http://www.queenalice.com/game.php?id=1595104"]
[Date "2020.1.3"]
[Round "3"]
[White "AyltonChessGM"]
[Black "Eduardomoreto67"]
[Result "0-1"]
[WhiteElo "1975"]
[BlackElo "2198"]

1. d4 Nf6 2. c4 g6 3. Nf3 Bg7 4. Nc3 O-O 5. e3 d5 6. h3 c6 7. a3 Nbd7 8. Be2 a5
9. O-O Re8 10. cxd5 cxd5 11. b3 b6 12. Bb2 Ba6 13. Bxa6 Rxa6 14. Qd3 Ra7 15. Nb5
Ra8 16. Rfc1 Rc8 0-1